| 000 | 00490nam a22001817a 4500 | ||
|---|---|---|---|
| 003 | OSt | ||
| 005 | 20140310182841.0 | ||
| 008 | 130608t xxu||||| |||| 00| 0 eng d | ||
| 050 |
_aTX 324 _b.F251 1983 |
||
| 082 |
_aM 648.5 _bF26 1983 |
||
| 245 | _aFast & thrifty ways to clean everything in your home / | ||
| 260 |
_aNew York : _bVentura Associates, Inc., _c1983. |
||
| 521 | _acollege students | ||
| 526 | _c1210L-1700L | ||
| 541 | _j1 | ||
| 562 | _e1 | ||
| 942 |
_2lcc _cBK _kM |
||
| 999 |
_c16858 _d16858 |
||